The life of Samuel Johnson /

Gorde:
Xehetasun bibliografikoak
Egile nagusia: Boswell, James
Formatua: Sách giấy
Hizkuntza:English
Argitaratua: London : David Campbell , 1992
Etiketak: Etiketa erantsi
Etiketarik gabe, Izan zaitez lehena erregistro honi etiketa jartzen!
Thư viện lưu trữ: Thư viện Trường Đại học Đà Lạt
LEADER 00543nam a2200241 4500
001 DLU020018405
005 ##9/24/2001
020 # # |a 978- 
041 # # |a eng 
082 # # |a 921.3  |b BO-J 
100 # # |a Boswell, James 
245 # # |a The life of Samuel Johnson /  |c James Boswell 
260 # # |a London :  |b David Campbell ,  |c 1992 
300 # # |a , 1278 tr.;   |c 21 cm. 
992 # # |a 0 
994 # # |a DLU 
900 # # |a False 
911 # # |a Administrator 
925 # # |a G 
926 # # |a A 
927 # # |a SH 
980 # # |a Thư viện Trường Đại học Đà Lạt